01250 a2200241 4500003000500000005001700005010001600022020001500038040000900053082001500062100002600077245006800103250001200171260004900183300005400232505048800286650001400774650002400788700002600812942002500838999001900863952012600882Nust20221119132119.0 a 93083225 a0030968003 cNust00a515.15,ELL1 aEllis, Robert,93188110aCalculus with analytic geometry / cRobert Ellis, Denny Gulick. a5th ed. aFort Worth :bSaunders College Pub.,cc1994. axx, 1024, 70, 19 p. :bill. (some col.) ;c27 cm. aApplicFunctions (Page-1), Limits and Continuity (Page-72), Derivatives (Page-128), Application of the Derivative (Page-204), The Integral (Page-277), Inverse Functions (Page-361), Techniques of Integration (Page-430), ation of the Integral (Page-493), Sequence and Series (Page-544), Curves I the (Page-636), Vectors Lines And Plans (Page-690), Vector Valued Functions (Page-737), Partial Derivatives (Page-797), Multiple Integral (Page-879), Calculus of Vector Fields (Page-952). 0aCalculus. 0aGeometry, Analytic.1 aGulick, Denny.939209 cREF2ddck515.15,ELL c187591d187591 00102ddc4070aMCSbMCScGENd2016-12-12o515.15,ELLpMCS26770r2016-12-08w2016-12-12yBKzAlmirah No. 13, Shelf No. 2